00833nam a22002177a 4500003000400000005001700004008004100021020001400062040002900076050002500105100002400130245008300154260002800237300004700265650004400312650003200356650003000388942001500418952016500433999001700598OSt20260624110014.0260624b |||||||| |||| 00| 0 eng d a157837278 cChuka University Library aLB 1027.23b.P3 2001 aParnell Dale930873 aContextual Teaching Works! Helping Students Reach Higher Levels Of Achievement aCordbWaco, Texasc2001 ax 149 pagesbillustrated includes indexes aContextual Teaching and Learning930874 aTeaching Methodology930603 aEffective Teaching911612 2lcccBKn0 00102lcc40708LGLaCHKbCHKcGENd2026-06-24eDonation from Books for Africag1243.00l0oLB 1027.2 .P3 2001p35803/2026r2026-06-24 11:04:24w2026-06-24yBK c25061d25061